000 00769nam a2200253Ia 4500
003 OSt
005 20220930201709.0
006 a|||||r|||| 00| 0
007 ta
008 220926b |||||||| |||| 00| 0 hin d
024 _a77534
037 _cDissertations
040 _aCRL
_cCRL
_bhin
041 _2hin
_ahin
100 _aBharti Rita
_9541091
110 _aUniversity of Delhi. Faculty of Arts. Department of Hindi
245 0 _aVrind krit niti satsai mein lokokti aur muhawara soundarya
260 _c2002
650 _aHINDI LITERATURE
_923866
700 _a Dr S. N. Iyyer Gu.
_9566125
700 _aUniversity of Delhi. Faculty of Arts. Department of Hindi
942 _cDIS
_2CC
999 _c902272
_d902272